Normal view
MARC view
Entry Personal Name
001 - CONTROL NUMBER
- control field: 72263
003 - CONTROL NUMBER IDENTIFIER
- control field: dpl
005 - DATE AND TIME OF LATEST TRANSACTION
- control field: 20241001141917.0
008 - FIXED-LENGTH DATA ELEMENTS
- fixed length control field: 241001|| aca||aabn | a|a d
040 ## - CATALOGING SOURCE
- Original cataloging agency: dpl
- Transcribing agency: dpl
100 ## - HEADING--PERSONAL NAME
- Personal name: मुखर्जी, बेला
670 ## - SOURCE DATA FOUND
- Source citation: Work cat.: (dpl)206050: मुखर्जी, बेला , रिश्तों के मोती : मानव संबंधो का सुन्दर चित्रण /, 2023
